ر ا حتو ں کا سبز مو سم (Record no. 181465)

MARC details
000 -LEADER
fixed length control field 00631nam a22001937a 4500
005 - DATE AND TIME OF LATEST TRANSACTION
control field 20210915120526.0
010 ## - LCCN (DPL NO)
LC control number UR-11233
020 ## - INTERNATIONAL STANDARD BOOK NUMBER
Terms of availability 300.00
International Standard Book Number 9789390789634
035 ## - SYSTEM CONTROL NUMBER
System control number U-9788
037 ## - SOURCE OF ACQUISITION
Source of stock number/acquisition DBAD/PUB
082 ## - DEWEY DECIMAL CLASSIFICATION NUMBER
Classification number 841
100 ## - MAIN ENTRY--PERSONAL NAME
Personal name ا ر شد قمر
245 ## - TITLE STATEMENT
Title ر ا حتو ں کا سبز مو سم
Statement of responsibility, etc ا ر شد قمر
246 ## - VARYING FORM OF TITLE
Title proper/short title Rahaton Ka Sabz Mousam (Urdu)
Remainder of title by Arshad Qamar
260 ## - PUBLICATION, DISTRIBUTION, ETC. (IMPRINT)
Place of publication, distribution, etc N.Delhi
Date of publication, distribution, etc 2021 ء
Name of publisher, distributor, etc Educational Publishing House
270 ## - ADDRESS
Address 3191, Vakil Street, Kucha Pandit Lal Kuan,
City Delhi
Postal code 110006
Fax number -
300 ## - PHYSICAL DESCRIPTION
Extent 144 ص
Dimensions 22 Cm(Hb)
942 ## - ADDED ENTRY ELEMENTS (KOHA)
Source of classification or shelving scheme Dewey Decimal Classification
Item type Urdu Bks
Classification part 841
Call number suffix ا ر ش
Holdings
Withdrawn status Lost status Not for loan Collection code Home library Current library Date acquired Source of acquisition Cost, normal purchase price Full call number Barcode Copy number Cost, replacement price Koha item type
    Not For Loan Non-fiction Central Library Central Library 15/09/2021 DBAD/PUB 300.00 841 ا ر ش U-9788 1 300.00 Urdu Bks

© Delhi Public Library
Hit Counter
free hit counter